Well Done Guide English - IX (Record no. 1266)

MARC details
000 -LEADER
fixed length control field 00282nam a2200109 4500
008 - FIXED-LENGTH DATA ELEMENTS--GENERAL INFORMATION
fixed length control field 160630b xxu||||| |||| 00| 0 eng d
100 ## - MAIN ENTRY--PERSONAL NAME
9 (RLIN) 1533
Personal name NCERT
245 ## - TITLE STATEMENT
Title Well Done Guide English - IX
260 ## - PUBLICATION, DISTRIBUTION, ETC. (IMPRINT)
Place of publication, distribution, etc. N,D
Name of publisher, distributor, etc. Arya
Date of publication, distribution, etc. 2003
300 ## - PHYSICAL DESCRIPTION
Extent Well Done Guide English - IX
942 ## - ADDED ENTRY ELEMENTS (KOHA)
Source of classification or shelving scheme Dewey Decimal Classification
Koha item type BOOK
Holdings
Withdrawn status Lost status Source of classification or shelving scheme Damaged status Not for loan Home library Current library Shelving location Date acquired Total Checkouts Full call number Barcode Date last seen Date last checked out Price effective from Koha item type
    Dewey Decimal Classification     Good Samaritan School Library Good Samaritan School Library   06/30/2016 2 402 NCE1839 10/21/2016 10/14/2016 06/30/2016 BOOK

Powered by Koha